000 00457nam a2200181Ia 4500
001 1388
005 20260306143725.0
008 260306t2013||||xx |||||||||||||| ||spa||
041 _aESP
082 _a199.85
_bG361
100 _aGobierno Regional de Arequipa
_eAUT
245 0 _aLa filosofía como análisis, crítica y compromiso
260 _c2013
300 _a292 páginas :
_c20 cm.
650 _aGEN
654 _aCHU
942 _cLIB
_dJUS
_fJUS
_2ddc
_n
999 _c1388
_d1388